The influence of position in rubber seed germination on the germination vigour and seedling growth (Record no. 47541)
[ view plain ]
| 000 -LEADER | |
|---|---|
| fixed length control field | 00407nam a2200145Ia 4500 |
| 100 ## - MAIN ENTRY--AUTHOR NAME | |
| Personal name | Indraty I S |
| 245 #4 - TITLE STATEMENT | |
| Title | The influence of position in rubber seed germination on the germination vigour and seedling growth |
| 650 ## - SUBJECT ADDED ENTRY--TOPICAL TERM | |
| Topical Term | Germination |
| 650 ## - SUBJECT ADDED ENTRY--TOPICAL TERM | |
| Topical Term | Growth |
| 650 ## - SUBJECT ADDED ENTRY--TOPICAL TERM | |
| Topical Term | Plant production |
| 650 ## - SUBJECT ADDED ENTRY--TOPICAL TERM | |
| Topical Term | Rubber seed |
| 700 ## - ADDED ENTRY--PERSONAL NAME | |
| Personal name | Sutardi |
| 942 ## - ADDED ENTRY ELEMENTS (KOHA) | |
| Koha item type | Bibliography RLSE |
| Withdrawn status | Lost status | Damaged status | Not for loan | Home library | Current library | Date acquired | Koha item type |
|---|---|---|---|---|---|---|---|
| Bibliography | RRII Library | RRII Library | 31/12/2021 | Bibliography RLSE |